000 00731nam a2200229Ia 4500
008 191130s1995##################000#0#eng##
020 _a521482798
022 _a94037937
040 _aACL
_cACL
082 _a330.94055 EIC
245 _aEurope's post-war recovery
_cedited by Barry Eichengreen
260 _aCambridge
_bCambridge University Press
_c1995
300 _aix, 357 p. : ill. ; 24 cm
500 _aIncludes bibliographical references and index
650 _aEurope - Economic conditions - 1945-
650 _aEurope - Economic integration
650 _aInternational economic relations
700 _aEichengreen, Barry J
990 _a4fad9178ac10000c79d1e86fabada975
991 _a52913
999 _c178256
_d178256